000 01227nam a2200229Ia 4500
003 Ost
005 20260507075115.0
008 260507s9999||||xx |||||||||||||| ||und||
040 _cfsecg
041 _aara
082 _a338.74
100 _aزيدان، عمرو علاء الدين
_eمؤلف
245 0 _aمراحل ومعوقات نمو الشركات الصناعية العائلية /
_c عمرو علاء الدين زيدان
260 _aالقاهرة:
_bمنشورات المنظمة العربية للتنمية الإدارية,
_c2005
300 _a270 صفحة؛
_bإيضاحات ؛
_c24 سم
490 _aالمنظمة العربية للتنمية الإدارية
_v361
504 _aالمراجع ص.253
520 _aإدارة التغيير التنظيمي- المفهوم والتحديات- مفهوم دورة حياة المنظمة- تطبيق مفهوم دورة حياة المنظمة على القطاع الخاص الصناعي المصري- الشركات الصناعية المصرية بين النمو والثبات- الشركات العائلية
653 _aالشركات الصناعية
653 _aالشركات- تنظيم و ادارة
942 _cكتاب
999 _c43009
_d43009